Gaming Quiz

Random Gaming or Pokémon Quiz

-lphabetized: Pokemon Quiz Stats

 Plays Quiz not verified by Sporcle

Score 0/12 Timer 03:00
0 Plays Today
Question Answer Wrong Answers
1st -lakazam
75.8%
-errothorn
4.8%
-ewtwo
5.1%
-lowpoke
3.6%
1st -rceus
70.9%
-ardevoir
8.7%
-idoking
4.6%
-quirtle
5.2%
2nd -engar
65.1%
-laziken
10.1%
-ikachu
6.2%
-uicune
9.3%
4th -apdos
64.7%
-evee
8.4%
-etagross
6.9%
-hedinja
8.8%
1st -lolan Marowak
62.8%
-archomp
10.7%
-imikyu
11.3%
-norlax
5.5%
2nd -reninja
59.6%
-harizard
12.7%
-ayquaza
9%
-enusaur
9.1%
2nd -iratina
57.5%
-lissey
15.1%
-attata
7.7%
-oxapex
8.8%
3rd -erperior
56.4%
-ialga
11.3%
-eracross
12.3%
-obbuffet
8.4%
3rd -alamence
56%
-eoxys
10.3%
-eatran
12%
-ishiwashi
11.1%
4th -ygarde
55.6%
-spurr
6.2%
-ew
11.6%
-karmory
16.9%
3rd -otom
51.1%
-ecidueye
12.7%
-yarados
13.3%
-eavile
11.6%
4th -urkitree
45.6%
-ragonite
7.8%
-ucario
8.5%
-harpedo
27.8%

You're not logged in!

Compare scores with friends on all Sporcle quizzes.
OR
Log In

You Might Also Like...

Show Comments

Extras

Curator's Pick Feb 4, 2019ReportNominate
Tags:Alphabet Quiz, Pokémon Quiz, character

Top Quizzes Today


Score Distribution

Your Account Isn't Verified!

In order to create a playlist on Sporcle, you need to verify the email address you used during registration. Go to your Sporcle Settings to finish the process.

Report this User

Report this user for behavior that violates our Community Guidelines.

Details: